| 000 -CABECERA |
| campo de control de longitud fija |
00825nam a2200229 u 4500 |
| 001 - NÚMERO DE CONTROL |
| campo de control |
000061262 |
| 005 - FECHA Y HORA DE LA ÚLTIMA TRANSACCIÓN |
| campo de control |
20200120223943.0 |
| 008 - DATOS DE LONGITUD FIJA--INFORMACIÓN GENERAL |
| campo de control de longitud fija |
140702s2008 ck r| 000 0 spa d |
| 020 ## - NÚMERO INTERNACIONAL ESTÁNDAR DEL LIBRO |
| Número Internacional Estándar del Libro |
9789588361413 |
| 041 0# - CÓDIGO DE LENGUA |
| Código de lengua del texto/banda sonora o título independiente |
Yspa |
| 043 ## - CÓDIGO DE ÁREA GEOGRÁFICA |
| Código de área geográfica |
c-k---- |
| 082 04 - NÚMERO DE LA CLASIFICACIÓN DECIMAL DEWEY |
| Número de clasificación |
613.62 |
| Número de documento/Ítem |
B25 |
| Número de edición |
21 |
| 110 11 - ENTRADA PRINCIPAL--NOMBRE DE ENTIDAD CORPORATIVA |
| -- |
Colombia. Ministerio de la protección social |
| 245 10 - MENCIÓN DE TÍTULO |
| Título |
Guía de atención integral de salud ocupacional basada en evidencia para trabajadores expuestos a Benceno y sus derivado (Gatiso-BTX-EB). |
| 260 ## - PUBLICACIÓN, DISTRIBUCIÓN, ETC. |
| Lugar de publicación, distribución, etc. |
Bogotá : |
| Nombre del editor, distribuidor, etc. |
Ministerio de la protección social ; Pontificia Universidad Javeriana, |
| Fecha de publicación, distribución, etc. |
2008. |
| 300 ## - DESCRIPCIÓN FÍSICA |
| Extensión |
169 p. ; |
| Material acompañante/anejo |
27 cm. |
| 500 ## - NOTA GENERAL |
| Nota general |
Incluye índice |
| 650 17 - PUNTO DE ACCESO ADICIONAL DE MATERIA--TÉRMINO DE MATERIA |
| Término de materia o nombre geográfico como elemento de entrada |
Benceno |
| Subdivisión general |
salud ocupacional |
| Fuente del encabezamiento o término |
LEMB |
| 650 27 - PUNTO DE ACCESO ADICIONAL DE MATERIA--TÉRMINO DE MATERIA |
| Término de materia o nombre geográfico como elemento de entrada |
Enfermedades ocupacionales |
| Fuente del encabezamiento o término |
LEMB |
| 650 27 - PUNTO DE ACCESO ADICIONAL DE MATERIA--TÉRMINO DE MATERIA |
| Término de materia o nombre geográfico como elemento de entrada |
Clorobenceno |
| Fuente del encabezamiento o término |
LEMB |
| 650 27 - PUNTO DE ACCESO ADICIONAL DE MATERIA--TÉRMINO DE MATERIA |
| Término de materia o nombre geográfico como elemento de entrada |
Estireno |
| Subdivisión general |
benceno |
| Fuente del encabezamiento o término |
LEMB |